=LDR 00000nam 2200000 4500 =001 INLIS000000000003869 =005 20130612092155 =008 ***********************************Ind** =035 ##$$0010-061300000003869 =041 ##$$a Ind =082 ##$$a 500 =090 ##$$a 500, Hem p =100 ##$$a Hemsley, William =245 ##$$a Penuntun ilmu pengetahuan Sirip hingga Sayap, William Hemsley =260 ##$$a 1993 $b Semarang =300 ##$$a 32 hlm., Ilus., 29 cm =650 ##$$a Sains =850 ##$$a NBPNMAT